[Event "Mexico City Garritas 09th"]
[Site "Mexico City"]
[Date "2014.09.07"]
[Round "5"]
[White "Jason, Alford"]
[Black "Sandoval Mercado, Carlos"]
[Result "0-1"]
[WhiteElo "2158"]
[BlackElo "1944"]
[PlyCount "70"]
[EventDate "2014.09.05"]
[EventType "swiss"]
[EventRounds "5"]
[EventCountry "MEX"]
[SourceTitle "EXT 2018"]
[Source "ChessBase"]
[SourceDate "2017.10.13"]
[SourceVersion "1"]
[SourceVersionDate "2017.10.13"]
[SourceQuality "1"]

1. e4 c5 2. Nf3 e6 3. d4 cxd4 4. Nxd4 Nf6 5. Nc3 Nc6 6. Ndb5 Bb4 7. Nd6+ Ke7 8. Nxc8+ Rxc8 9. Bd3 d5 10. exd5 Qxd5 11. 0-0 Bxc3 12. bxc3 Ne5 13. Ba3+ Ke8 14. Qb1 Nxd3 15. cxd3 Rxc3 16. Qb4 Rc7 17. Rac1 Kd8 18. Rc4 Qd7 19. Rxc7 Kxc7 20. Qf4+ Kb6 21. Qc4 Qb5 22. Qc2 Ka6 23. Rc1 Nd5 24. Bd6 Qd7 25. a4 b6 26. Bg3 Kb7 27. a5 b5 28. Qc5 a6 29. Qd4 Rc8 30. Rxc8 Qxc8 31. h4 f6 32. h5 b4 33. Qg4 Ka8 34. f3 b3 35. Qa4 b2 0-1

[Event "Mexico City Garritas 09th"]
[Site "Mexico City"]
[Date "2014.09.05"]
[Round "1"]
[White "Jason, Alford"]
[Black "Del Castillo Escribano, Marcelo"]
[Result "1-0"]
[WhiteElo "2158"]
[BlackElo "1871"]
[PlyCount "67"]
[EventDate "2014.09.05"]
[EventType "swiss"]
[EventRounds "5"]
[EventCountry "MEX"]
[SourceTitle "EXT 2018"]
[Source "ChessBase"]
[SourceDate "2017.10.13"]
[SourceVersion "1"]
[SourceVersionDate "2017.10.13"]
[SourceQuality "1"]

1. e4 c6 2. d4 d5 3. exd5 cxd5 4. c4 Nf6 5. Nc3 e6 6. Nf3 Bb4 7. Bg5 0-0 8. Bd3 dxc4 9. Bxc4 Bxc3+ 10. bxc3 Qc7 11. Bxf6 Qxc4 12. Nd2 Qd3 13. h4 Qg6 14. Be5 f6 15. Bxb8 Rxb8 16. Qb3 Kh8 17. 0-0-0 Qxg2 18. Qb4 Re8 19. Qd6 Ra8 20. f3 Qe2 21. Rhg1 Qb5 22. Ne4 Qc6 23. Qg3 Re7 24. Kb2 Bd7 25. h5 e5 26. d5 Qb6+ 27. Ka1 f5 28. d6 f4 29. Qg2 Rf7 30. Ng5 Rf5 31. Nxh7 Rg8 32. Qg6 Qe3 33. Rc1 Qxf3 34. h6 1-0

[Event "Mexico City Garritas-A 04th"]
[Site "Mexico City"]
[Date "2014.04.06"]
[Round "4"]
[White "Diaz Rosas, Julio Cesar"]
[Black "Jason, Alford"]
[Result "1-0"]
[WhiteElo "2231"]
[BlackElo "2217"]
[PlyCount "89"]
[EventDate "2014.04.04"]
[EventType "tourn"]
[EventRounds "5"]
[EventCountry "MEX"]
[SourceTitle "EXT 2018"]
[Source "ChessBase"]
[SourceDate "2017.10.13"]
[SourceVersion "1"]
[SourceVersionDate "2017.10.13"]
[SourceQuality "1"]

1. d4 Nf6 2. c4 g6 3. Nc3 Bg7 4. e4 d6 5. Nge2 0-0 6. Ng3 e5 7. d5 c6 8. Be2 a5 9. 0-0 h5 10. Bg5 Qc7 11. Qd2 Nh7 12. Be3 h4 13. Nh1 f5 14. exf5 gxf5 15. f4 e4 16. Nf2 c5 17. g4 hxg3 18. hxg3 Rf6 19. Kg2 Rg6 20. Rh1 Bf6 21. Rh3 Nd7 22. Nb5 Qb6 23. Rah1 Ndf8 24. Rh6 Bd7 25. Rxg6+ Nxg6 26. g4 Rf8 27. Rh6 Kg7 28. g5 Nxg5 29. fxg5 Be5 30. Nh3 Qd8 31. Nxd6 Rh8 32. Nxb7 Qc7 33. Nxc5 f4 34. Nxd7 fxe3 35. Qxe3 Qxd7 36. Qxe4 Rxh6 37. gxh6+ Kxh6 38. Bd3 Nf4+ 39. Nxf4 Qg4+ 40. Kf2 Qxf4+ 41. Qxf4+ Bxf4 42. Kf3 Be5 43. Ke4 Bxb2 44. c5 Ba3 45. c6 1-0

[Event "Mexico City Garritas-A 01st"]
[Site "Mexico City"]
[Date "2014.01.20"]
[Round "1"]
[White "Benitez Lozano, Javier"]
[Black "Jason, Alford"]
[Result "1-0"]
[WhiteElo "2311"]
[BlackElo "2227"]
[PlyCount "63"]
[EventDate "2014.01.20"]
[EventType "tourn"]
[EventRounds "6"]
[EventCountry "MEX"]
[EventCategory "1"]
[SourceTitle "EXT 2018"]
[Source "ChessBase"]
[SourceDate "2017.10.13"]
[SourceVersion "1"]
[SourceVersionDate "2017.10.13"]
[SourceQuality "1"]

1. e4 c5 2. Nf3 d6 3. d4 cxd4 4. Nxd4 Nf6 5. Nc3 g6 6. Bc4 Bg7 7. h3 0-0 8. Bb3 Nc6 9. Be3 Bd7 10. 0-0 Qa5 11. Re1 Rac8 12. Nd5 Rfe8 13. Bd2 Qc5 14. Nf3 Nxd5 15. exd5 Na5 16. Be3 Qb5 17. c3 Nc4 18. Bxc4 Rxc4 19. Re2 Ra4 20. b3 Ra5 21. c4 Qa6 22. Bd4 b5 23. Bxg7 Kxg7 24. Qd4+ Kg8 25. Rae1 e5 26. dxe6 fxe6 27. Ng5 Qb6 28. Qf6 Rf8 29. Qe7 Rf5 30. Qxh7+ Kf8 31. Qxd7 Rxg5 32. Rxe6 1-0

[Event "Mexico City Garritas-A 01st"]
[Site "Mexico City"]
[Date "2014.01.20"]
[Round "2"]
[White "Jason, Alford"]
[Black "Tapie Amione, Pablo Adib"]
[Result "0-1"]
[WhiteElo "2227"]
[BlackElo "2275"]
[PlyCount "64"]
[EventDate "2014.01.20"]
[EventType "tourn"]
[EventRounds "6"]
[EventCountry "MEX"]
[EventCategory "1"]
[SourceTitle "EXT 2018"]
[Source "ChessBase"]
[SourceDate "2017.10.13"]
[SourceVersion "1"]
[SourceVersionDate "2017.10.13"]
[SourceQuality "1"]

1. e4 c5 2. Nf3 Nc6 3. d4 cxd4 4. Nxd4 Qb6 5. Nb3 Nf6 6. Nc3 e6 7. Be3 Qc7 8. Bd3 Bb4 9. 0-0 Bxc3 10. bxc3 d6 11. c4 b6 12. a4 a5 13. Nd4 Nxd4 14. Bxd4 e5 15. Be3 0-0 16. Bg5 Nd7 17. Qh5 Nc5 18. Ra3 f6 19. Be3 Bd7 20. Rb1 Nxa4 21. c5 Nxc5 22. Bc4+ Be6 23. Bxe6+ Nxe6 24. Rxb6 Qxc2 25. Qg4 Nd4 26. h3 f5 27. exf5 Nxf5 28. Rb7 Qc6 29. Rab3 a4 30. R3b6 Qc8 31. Qh5 a3 32. g4 Nxe3 0-1

[Event "Mexico op"]
[Site "Puebla"]
[Date "2013.03.27"]
[Round "2"]
[White "Onischuk, Alexander"]
[Black "Jason, Alford"]
[Result "1-0"]
[WhiteElo "2663"]
[BlackElo "2235"]
[PlyCount "103"]
[EventDate "2013.03.26"]
[EventType "swiss"]
[EventRounds "9"]
[EventCountry "MEX"]
[SourceTitle "CBM 153 Extra"]
[Source "ChessBase"]
[SourceDate "2013.04.22"]
[SourceVersion "1"]
[SourceVersionDate "2013.04.22"]
[SourceQuality "1"]

1. d4 Nf6 2. c4 g6 3. Nc3 Bg7 4. e4 d6 5. Nf3 0-0 6. Be2 e5 7. Be3 Ng4 8. Bg5 f6 9. Bh4 Nc6 10. d5 Ne7 11. Nd2 Nh6 12. f3 f5 13. 0-0 Bf6 14. Bf2 f4 15. c5 g5 16. Rc1 Ng6 17. cxd6 cxd6 18. Nb5 Rf7 19. Nc4 Be7 20. Nxa7 Bd7 21. Nb6 g4 22. Nxa8 g3 23. Bb6 Qxa8 24. Qc2 Rf8 25. Qc7 Qe8 26. Kh1 Nh4 27. Qxd7 Qxd7 28. Bb5 Qh3 29. gxh3 g2+ 30. Kg1 gxf1Q+ 31. Rxf1 Bd8 32. Nc8 Bxb6+ 33. Nxb6 Kf7 34. Bd7 Rg8+ 35. Bg4 Kf6 36. Kf2 Nf7 37. Ke2 Rg5 38. Nc4 h5 39. Be6 Rg2+ 40. Rf2 Rg6 41. Bxf7 Kxf7 42. Kf1 Ke7 43. Na5 Rg8 44. Nxb7 Ra8 45. b4 Ra3 46. b5 Ra7 47. Rb2 Nxf3 48. a4 Rxa4 49. b6 Ra8 50. Na5 Nd2+ 51. Ke2 Nxe4 52. b7 1-0

[Event "Carlos Torre Memorial op 19th"]
[Site "Merida"]
[Date "2006.12.19"]
[Round "7"]
[White "Jason, Alford"]
[Black "Huertas Carballo, Dayron"]
[Result "0-1"]
[WhiteElo "2294"]
[BlackElo "2338"]
[PlyCount "56"]
[EventDate "2006.12.14"]
[EventType "swiss"]
[EventRounds "9"]
[EventCountry "MEX"]
[SourceTitle "CBM 115 Extra"]
[Source "ChessBase"]
[SourceDate "2007.01.10"]
[SourceVersion "1"]
[SourceVersionDate "2007.01.10"]
[SourceQuality "1"]

1. e4 c5 2. Nf3 d6 3. d4 cxd4 4. Nxd4 Nf6 5. Nc3 Bd7 6. Bc4 e6 7. Bb3 Na6 8. 0-0 Nc5 9. Re1 Be7 10. f4 Nxb3 11. axb3 0-0 12. e5 dxe5 13. fxe5 Ne8 14. Ne4 f5 15. exf6 gxf6 16. Bh6 Rf7 17. Re3 e5 18. Rg3+ Ng7 19. Qh5 exd4 20. Qd5 Kf8 21. Rxg7 Rxg7 22. Rf1 Be8 23. Nxf6 Bxf6 24. Qe5 Kg8 25. Rxf6 Qd7 26. Rf4 Bg6 27. Rxd4 Re7 28. Qc5 Qe6 0-1

[Event "Carlos Torre Memorial op 19th"]
[Site "Merida"]
[Date "2006.12.15"]
[Round "3"]
[White "Jason, Alford"]
[Black "Alayola Montanez, Jose Enrique"]
[Result "1-0"]
[WhiteElo "2294"]
[BlackElo "2144"]
[PlyCount "73"]
[EventDate "2006.12.14"]
[EventType "swiss"]
[EventRounds "9"]
[EventCountry "MEX"]
[SourceTitle "CBM 115 Extra"]
[Source "ChessBase"]
[SourceDate "2007.01.10"]
[SourceVersion "1"]
[SourceVersionDate "2007.01.10"]
[SourceQuality "1"]

1. e4 Nf6 2. e5 Nd5 3. d4 d6 4. c4 Nb6 5. f4 dxe5 6. fxe5 Nc6 7. Be3 Bf5 8. Nf3 e6 9. Be2 Qd7 10. 0-0 0-0-0 11. Qd2 Bg4 12. Rd1 f6 13. exf6 gxf6 14. b3 Qg7 15. Nc3 Rg8 16. Qe1 Nb4 17. Rac1 Bf5 18. Qf2 Nc2 19. Bf4 Ba3 20. Nb5 Bxc1 21. Rxc1 Rd7 22. Nh4 Nb4 23. Nxf5 exf5 24. Nxa7+ Kb8 25. Nb5 Nxa2 26. Ra1 Nb4 27. Bf3 Nc6 28. c5 Nd5 29. Qa2 Kc8 30. Qa8+ Nb8 31. Na7+ Kd8 32. Qxb8+ Ke7 33. Re1+ Kf7 34. Bh5+ Qg6 35. Bxg6+ hxg6 36. Qxb7 Nxf4 37. c6 1-0

[Event "MEX-ch op 52nd "]
[Site "Mexico City"]
[Date "2006.04.14"]
[Round "5"]
[White "Jason, Alford"]
[Black "Gutierrez Balbuena, Romel"]
[Result "1-0"]
[WhiteElo "2266"]
[BlackElo "2069"]
[PlyCount "121"]
[EventDate "2006.04.11"]
[EventType "swiss"]
[EventRounds "9"]
[EventCountry "MEX"]
[SourceTitle "EXT 2007"]
[Source "ChessBase"]
[SourceDate "2006.11.23"]
[SourceVersion "1"]
[SourceVersionDate "2006.11.23"]
[SourceQuality "1"]

1. e4 d6 2. d4 c6 3. Nc3 Qc7 4. f4 e5 5. Bc4 Nf6 6. Nf3 Bg4 7. Be3 b5 8. dxe5 dxe5 9. fxe5 Bxf3 10. gxf3 Qxe5 11. Bb3 Bc5 12. f4 Qe7 13. Bxc5 Qxc5 14. Qf3 Qh5 15. Qxh5 Nxh5 16. Nxb5 Na6 17. Nd6+ Ke7 18. Nf5+ Kf6 19. 0-0 Rhd8 20. Nd6 Rf8 21. Rad1 Nc5 22. e5+ Ke7 23. Nf5+ Ke8 24. Rd6 Nxb3 25. axb3 g6 26. Ng3 Rc8 27. Nxh5 gxh5 28. Ra1 Rg8+ 29. Kf2 Rg4 30. Kf3 Rc7 31. h3 Rg6 32. Rad1 Rc8 33. f5 Rg7 34. R1d2 Rg1 35. Rg2 Rf1+ 36. Ke2 Rxf5 37. Kd3 Rxe5 38. Re2 Rxe2 39. Kxe2 Kf8 40. Rh6 Kg7 41. Rxh5 Kg6 42. Ra5 Rc7 43. Kf3 Rd7 44. Ra6 Rd6 45. b4 Kg5 46. Rxa7 Rd2 47. Ra5+ f5 48. Rc5 Rd6 49. h4+ Kf6 50. c3 Re6 51. Ra5 h6 52. Ra6 Ke5 53. b5 cxb5 54. Rxe6+ Kxe6 55. Kf4 Kd5 56. b3 Ke6 57. h5 Kf6 58. c4 b4 59. c5 Ke6 60. c6 Kd6 61. Kxf5 1-0

[Event "Internet Section 11B g/8'+2\""]
[Site "Dos Hermanas"]
[Date "2004.03.11"]
[Round "2"]
[White "Echavarria, Johann"]
[Black "Jason, Alford"]
[Result "1-0"]
[WhiteElo "2351"]
[BlackElo "2277"]
[PlyCount "75"]
[EventDate "2004.03.11"]
[EventType "swiss (blitz)"]
[EventRounds "9"]
[EventCountry "ESP"]
[SourceTitle "EXT 2005"]
[Source "ChessBase"]
[SourceDate "2004.11.15"]
[SourceVersion "1"]
[SourceVersionDate "2004.11.15"]
[SourceQuality "1"]

1. e4 c5 2. Nf3 d6 3. d4 cxd4 4. Nxd4 Nf6 5. Nc3 g6 6. Be3 Bg7 7. f3 0-0 8. Qd2 Nc6 9. 0-0-0 d5 10. exd5 Nxd5 11. Nxc6 bxc6 12. Bd4 e5 13. Bc5 Be6 14. Ne4 Rb8 15. Bc4 Re8 16. h4 a5 17. a4 h6 18. g4 Qc7 19. g5 h5 20. Rhe1 Red8 21. Qf2 Qb7 22. b3 Nf4 23. Rxd8+ Rxd8 24. Bxe6 Nxe6 25. Nf6+ Bxf6 26. gxf6 Nxc5 27. Qxc5 Rd5 28. Qe7 Qb8 29. Rg1 Qf8 30. Rg5 c5 31. f4 c4 32. bxc4 Rd4 33. fxe5 Rxc4 34. e6 Rxh4 35. Qxf8+ Kxf8 36. e7+ Ke8 37. Rd5 Rh1+ 38. Kb2 1-0

[Event "Internet Section 09A g/8'+2\""]
[Site "Dos Hermanas"]
[Date "2004.03.09"]
[Round "2"]
[White "Babaev, Rashad"]
[Black "Jason, Alford"]
[Result "1-0"]
[WhiteElo "2387"]
[BlackElo "2277"]
[PlyCount "127"]
[EventDate "2004.03.09"]
[EventType "swiss (blitz)"]
[EventRounds "9"]
[EventCountry "ESP"]
[SourceTitle "CBM 099 Extra"]
[Source "ChessBase"]
[SourceDate "2004.05.04"]
[SourceVersion "1"]
[SourceVersionDate "2004.05.04"]
[SourceQuality "1"]

1. e4 c5 2. Nf3 d6 3. d4 cxd4 4. Nxd4 Nf6 5. Nc3 g6 6. Be3 Bg7 7. f3 0-0 8. Qd2 Nc6 9. 0-0-0 d5 10. Qe1 e5 11. Nxc6 bxc6 12. exd5 Nxd5 13. Bc4 Be6 14. Ne4 Qc7 15. Bc5 Rfe8 16. g4 Nf4 17. Bxe6 Nxe6 18. Bd6 Qb6 19. h4 f5 20. gxf5 gxf5 21. Nc3 Nd4 22. Rg1 Kh8 23. Rxg7 Kxg7 24. Qg3+ Kf7 25. Bxe5 Ne2+ 26. Nxe2 Qe3+ 27. Kb1 Qxe5 28. Rd7+ Ke6 29. Qxe5+ Kxe5 30. Rxh7 Kf6 31. Nc1 Re1 32. b3 Rf1 33. Rc7 Rxf3 34. Rxc6+ Ke5 35. Nd3+ Kd4 36. h5 Rh8 37. h6 f4 38. Kb2 Rf1 39. Rd6+ Ke4 40. Re6+ Kf3 41. Rf6 Kg3 42. Ne5 f3 43. Nf7 Rh7 44. Ng5 Rh8 45. h7 f2 46. Ne4+ Kg2 47. Rf7 Re1 48. Rxf2+ Kg1 49. Rf4 Rxh7 50. Nc5 Kg2 51. Nd3 Re3 52. Rc4 Rhe7 53. a4 Kf3 54. a5 R3e4 55. Rxe4 Kxe4 56. Nb4 Rc7 57. c3 Rc8 58. a6 Ke3 59. Nd5+ Kd2 60. c4 Rc6 61. Nb4 Rb6 62. Ka3 Kc3 63. Nd5+ Kd4 64. Nxb6 1-0

[Event "Internet Section 09B g/8'+2\""]
[Site "Dos Hermanas"]
[Date "2004.03.09"]
[Round "5"]
[White "Starostits, Ilmars"]
[Black "Jason, Alford"]
[Result "1-0"]
[WhiteElo "2431"]
[BlackElo "2277"]
[PlyCount "53"]
[EventDate "2004.03.09"]
[EventType "swiss (blitz)"]
[EventRounds "9"]
[EventCountry "ESP"]
[SourceTitle "CBM 099 Extra"]
[Source "ChessBase"]
[SourceDate "2004.05.04"]
[SourceVersion "1"]
[SourceVersionDate "2004.05.04"]
[SourceQuality "1"]

1. e4 c5 2. Nc3 Nc6 3. f4 e6 4. g3 g6 5. Bg2 Bg7 6. d3 Nge7 7. Nf3 d5 8. 0-0 b6 9. Kh1 Ba6 10. e5 0-0 11. g4 Nd4 12. Nxd4 cxd4 13. Ne2 Nc6 14. Qe1 Qe7 15. Qf2 Qc5 16. Ng3 Nb4 17. f5 Bxe5 18. Bh6 Bg7 19. Bxg7 Kxg7 20. f6+ Kh8 21. Qf4 Nxc2 22. Rac1 Bxd3 23. Rf3 Qb5 24. Qh6 Rg8 25. Ne4 Bxe4 26. Qxh7+ Kxh7 27. Rh3# 1-0

[Event "Internet Section 09B g/8'+2\""]
[Site "Dos Hermanas"]
[Date "2004.03.09"]
[Round "1"]
[White "Strikovic, Aleksa"]
[Black "Jason, Alford"]
[Result "1-0"]
[WhiteElo "2520"]
[BlackElo "2277"]
[PlyCount "67"]
[EventDate "2004.03.09"]
[EventType "swiss (blitz)"]
[EventRounds "9"]
[EventCountry "ESP"]
[SourceTitle "CBM 099 Extra"]
[Source "ChessBase"]
[SourceDate "2004.05.04"]
[SourceVersion "1"]
[SourceVersionDate "2004.05.04"]
[SourceQuality "1"]

1. e4 c5 2. d3 Nc6 3. g3 e6 4. Nf3 g6 5. Bg2 Bg7 6. 0-0 Nge7 7. c3 0-0 8. Qe2 d5 9. e5 f6 10. exf6 Bxf6 11. Bh6 Re8 12. Bf4 b6 13. Nbd2 Nf5 14. Ne5 Nxe5 15. Bxe5 Ba6 16. Nf3 b5 17. a3 Rc8 18. Rfe1 Qe7 19. h4 Bb7 20. Bxf6 Qxf6 21. Qe5 Qxe5 22. Nxe5 a5 23. Re2 a4 24. Rae1 b4 25. Nf3 Ba6 26. g4 Nh6 27. Ne5 Nf7 28. Nd7 Kg7 29. Rxe6 Rxe6 30. Rxe6 Bxd3 31. Bxd5 Nh6 32. Re7+ Kh8 33. Nf6 g5 34. hxg5 1-0

[Event "Internet Section 07B g/8'+2\""]
[Site "Dos Hermanas"]
[Date "2004.03.07"]
[Round "5"]
[White "Jason, Alford"]
[Black "Liascovich, Lucas Agustin"]
[Result "0-1"]
[WhiteElo "2277"]
[BlackElo "2340"]
[PlyCount "156"]
[EventDate "2004.03.07"]
[EventType "swiss (blitz)"]
[EventRounds "9"]
[EventCountry "ESP"]
[SourceTitle "CBM 099 Extra"]
[Source "ChessBase"]
[SourceDate "2004.05.04"]
[SourceVersion "1"]
[SourceVersionDate "2004.05.04"]
[SourceQuality "1"]

1. e4 Nf6 2. e5 Nd5 3. d4 d6 4. c4 Nb6 5. f4 dxe5 6. fxe5 c5 7. d5 e6 8. Nc3 exd5 9. cxd5 c4 10. Nf3 Bb4 11. Bxc4 Bxc3+ 12. bxc3 Nxc4 13. Qa4+ Nd7 14. Qxc4 Nb6 15. Qb5+ Qd7 16. Qxd7+ Bxd7 17. d6 Rc8 18. 0-0 Rxc3 19. Bg5 0-0 20. Be7 Rfc8 21. Ng5 Be6 22. Nxe6 fxe6 23. Rad1 Nd7 24. h3 Rc2 25. Rfe1 Rxa2 26. Rc1 Rcc2 27. Rxc2 Rxc2 28. Ra1 a6 29. Rb1 b6 30. Bd8 Rc6 31. Re1 Rc5 32. Kf2 Kf7 33. Kg3 b5 34. Ra1 Rc6 35. Kf4 Rc4+ 36. Ke3 Ke8 37. Be7 Rc6 38. Kd4 Rc4+ 39. Ke3 Ra4 40. Rc1 Nxe5 41. Rc8+ Kf7 42. Rf8+ Kg6 43. Ra8 Nc4+ 44. Ke2 Ra2+ 45. Ke1 Ne5 46. Ra7 Rxg2 47. Rxa6 Rg3 48. h4 Rd3 49. Ke2 Rd5 50. Rb6 Kf5 51. Rb8 Ke4 52. Rg8 g6 53. Rh8 h5 54. Rg8 b4 55. Rb8 Nd3 56. Rb7 Nf4+ 57. Ke1 Nd3+ 58. Ke2 Nf4+ 59. Ke1 e5 60. Rxb4+ Kf5 61. Rb7 Ke6 62. Bf8 Ng2+ 63. Kf2 Nxh4 64. Rg7 Rd4 65. Be7 Rf4+ 66. Ke2 Re4+ 67. Kf2 Nf5 68. Rxg6+ Kd7 69. Rf6 Nxe7 70. dxe7 Kxe7 71. Kf3 Kxf6 72. Kxe4 h4 73. Kf3 Kf5 74. Kf2 Kf4 75. Kg2 e4 76. Kf2 h3 77. Kg1 Ke3 78. Kh2 Kd2 0-1

[Event "Internet Section 06A g/8'+2\""]
[Site "Dos Hermanas"]
[Date "2004.03.06"]
[Round "1"]
[White "Hood, Jacob Wesley"]
[Black "Jason, Alford"]
[Result "0-1"]
[WhiteElo "785"]
[BlackElo "2277"]
[PlyCount "78"]
[EventDate "2004.03.06"]
[EventType "swiss (blitz)"]
[EventRounds "9"]
[EventCountry "ESP"]
[SourceTitle "CBM 099 Extra"]
[Source "ChessBase"]
[SourceDate "2004.05.04"]
[SourceVersion "1"]
[SourceVersionDate "2004.05.04"]
[SourceQuality "1"]

1. d4 Nf6 2. c4 g6 3. e3 Bg7 4. Bd3 0-0 5. Nf3 c5 6. dxc5 Qa5+ 7. Bd2 Qxc5 8. Kf1 d5 9. cxd5 Nxd5 10. Ke2 Bxb2 11. Nc3 Nxc3+ 12. Bxc3 Qxc3 13. Rb1 Nc6 14. Qc2 Qxc2+ 15. Bxc2 Bf6 16. Rhe1 b6 17. Kf1 Ba6+ 18. Kg1 Rac8 19. Rbd1 Rfd8 20. Nd4 Nxd4 21. exd4 Rxc2 22. d5 Rxa2 23. Kh1 Bb7 24. Rf1 Rxd5 25. Rxd5 Bxd5 26. Rd1 Rxf2 27. Kg1 Rxg2+ 28. Kh1 Rd2+ 29. Kg1 Bd4+ 30. Kf1 Bc4+ 31. Ke1 Re2+ 32. Kf1 Rf2+ 33. Ke1 Re2+ 34. Kf1 Rxh2+ 35. Ke1 Bc3+ 36. Rd2 Re2+ 37. Kd1 Rxd2+ 38. Kc1 Bb3 39. Kb1 Rd1# 0-1

[Event "Internet Section 06A g/8'+2\""]
[Site "Dos Hermanas"]
[Date "2004.03.06"]
[Round "2"]
[White "Jason, Alford"]
[Black "Dignam, Matthew"]
[Result "0-1"]
[WhiteElo "2277"]
[BlackElo "2167"]
[PlyCount "106"]
[EventDate "2004.03.06"]
[EventType "swiss (blitz)"]
[EventRounds "9"]
[EventCountry "ESP"]
[SourceTitle "CBM 099 Extra"]
[Source "ChessBase"]
[SourceDate "2004.05.04"]
[SourceVersion "1"]
[SourceVersionDate "2004.05.04"]
[SourceQuality "1"]

1. e4 e6 2. d4 d5 3. Nd2 c5 4. exd5 Qxd5 5. Ngf3 cxd4 6. Bc4 Qd8 7. 0-0 a6 8. Nb3 Nc6 9. Nbxd4 Nxd4 10. Nxd4 Qc7 11. Bb3 Bd6 12. Re1 Bxh2+ 13. Kh1 Be5 14. Nxe6 Bxe6 15. Bxe6 Nf6 16. Bb3 0-0 17. c3 Rad8 18. Qf3 Nd7 19. Bg5 Bf6 20. Bf4 Qa5 21. Rad1 Ne5 22. Bxe5 Rxd1 23. Rxd1 Qxe5 24. Rd5 Qe1+ 25. Kh2 Be5+ 26. g3 Bf6 27. Kg2 h6 28. Rd7 b5 29. Qb7 Qe8 30. c4 bxc4 31. Bxc4 a5 32. b3 Bg5 33. Qd5 Bd8 34. Ra7 Bb6 35. Rb7 Qd8 36. Qxd8 Bxd8 37. a3 g6 38. b4 axb4 39. axb4 Kg7 40. b5 Kf6 41. Ra7 Be7 42. b6 Bc5 43. b7 Bxa7 44. Bd5 Ke5 45. Bc6 Bb8 46. Kf3 Kd6 47. Be4 f5 48. Bd3 g5 49. Ke3 Kc7 50. Kd4 Ba7+ 51. Ke5 Bxf2 52. Ba6 Bxg3+ 53. Ke6 Rb8 0-1

[Event "Carlos Torre Memorial op 15th"]
[Site "Merida"]
[Date "2002.12.17"]
[Round "5"]
[White "Vega, Jorge"]
[Black "Jason, Alford"]
[Result "1-0"]
[WhiteElo "2253"]
[BlackElo "2183"]
[PlyCount "71"]
[EventDate "2002.12.13"]
[EventType "swiss"]
[EventRounds "9"]
[EventCountry "MEX"]
[SourceTitle "CBM 091 Extra"]
[Source "ChessBase"]
[SourceDate "2003.01.09"]
[SourceVersion "1"]
[SourceVersionDate "2003.01.09"]
[SourceQuality "1"]

1. e4 c5 2. Nf3 d6 3. c3 Nf6 4. Bd3 g6 5. Bc2 Bg7 6. 0-0 Nc6 7. Re1 0-0 8. h3 Ne5 9. d3 Nxf3+ 10. Qxf3 Be6 11. Nd2 Qc7 12. Qe2 d5 13. e5 Nd7 14. Nf3 Rfc8 15. Bf4 b5 16. Ng5 Nf8 17. Nxe6 Nxe6 18. Bg3 b4 19. Ba4 Rab8 20. Qd2 Rb7 21. c4 dxc4 22. dxc4 Qa5 23. Bc2 Rd8 24. Qe3 Rbd7 25. Be4 Rd2 26. a3 Rxb2 27. axb4 Qxb4 28. Rxa7 Bh6 29. f4 Nxf4 30. Kh1 Nxg2 31. Qxh6 Nxe1 32. Bd5 Qc3 33. e6 Qf6 34. exf7+ Kh8 35. Be5 Rh2+ 36. Kg1 1-0

[Event "MEX-ch Nat & Int 48th"]
[Site "Hermosillo"]
[Date "2002.03.31"]
[Round "9"]
[White "Jason, Alford"]
[Black "Alvarez Angulo, Daniel"]
[Result "1/2-1/2"]
[WhiteElo "2178"]
[BlackElo "1337"]
[PlyCount "24"]
[EventDate "2002.03.26"]
[EventType "swiss"]
[EventRounds "9"]
[EventCountry "MEX"]
[SourceTitle "EXT 2003"]
[Source "ChessBase"]
[SourceDate "2002.11.25"]
[SourceVersion "1"]
[SourceVersionDate "2002.11.25"]
[SourceQuality "1"]

1. g4 d5 2. Bg2 Bxg4 3. c4 e6 4. Qb3 Qc8 5. cxd5 c6 6. dxe6 Bxe6 7. Qc2 Na6 8. a3 Nc5 9. Nc3 Bb3 10. Qb1 Be6 11. Qc2 Bb3 12. Qb1 Be6 1/2-1/2